| 000 | 00468nam a2200169Ia 4500 | ||
|---|---|---|---|
| 005 | 20241206171836.0 | ||
| 008 | 231221s9999 xx 000 0 und d | ||
| 020 | _a9788184042917 | ||
| 082 | _a001.64404 MOR;1 R | ||
| 100 | _aMorville, Peter. Rosenfeld, Louis. | ||
| 245 | 0 | _aInformation architecture for the world wide web | |
| 250 | _a3rd ed. | ||
| 260 |
_c2007 _bO'Relly _aBeijing |
||
| 300 | _axix, 504 | ||
| 650 | _aInformation,architecture | ||
| 942 | _cAR | ||
| 999 |
_c233510 _d233510 |
||